عرض عادي عرض مارك
  • سعيد، محمد نمر.

مدخل إسم شخص

عدد التسجيلات المستخدمة في: 1

001 - رقم الضبط

  • حقل الضبط: 92298

003 - معرف رقم الضبط

  • حقل الضبط: OSt

005 - تاريخ ووقت أخر عملية

  • حقل الضبط: 20220625160057.0

008 - عناصر بيانات ثابتة الطول

  • حقل تحكم ثابت الطول: 220625|| aca||aabn | a|a d

040 ## - مصدر الفهرسة

  • هيئة الفهرسة الأصلية: OSt
  • وكالة الكتابة: OSt

100 ## - مدخل -- أسم شخص

  • إسم شخص: سعيد، محمد نمر.

670 ## - بيانات المصدر موجوده

  • الاستشهاد بالمصدر: Work cat.: (OSt): سعيد، محمد نمر., الإدارة بالأهداف وتقييم الأداء الإداري /, 2016